000 00665nam a2200205Ia 4500
005 20260121110129.0
008 008 260114s9999 xx 000 0 hin d
020 _a9788132366614
037 _aEBOOK
040 _aCRL
_bhin
_cCRL
041 _ahin
_2hin
084 _qCRL
100 _aअमित जैन / Amit Jain
_9942423
245 0 _aआधुनिक इंटीरियर डिजाइनिंग / Aadhunik interior designing
260 _bभाषा प्रकाशन / Bhasha Prakashan
_c2021
856 _uhttps://bhashaprakashan.com/product-details/379518
942 _cEBOOK
999 _c1534088
_d1534088